000
00369nam a2200133Ia 4500
003
GCL
008
140319s9999 xx 000 0 ara d
040
_a
GCL /
_c
GCL
082
0
4
_a
225
_b
ا ب
245
1
0
_a
بين حقائق العلم وبلاغة القران
260
_a
[S.N] :
_b
مطبعة الحسين الاسلامية ،
_c
1992
300
_a
256 ص
490
_a
999
_c
35395
_d
35395